[Event "RUS-ch 53rd"]
[Site "Samara"]
[Date "2000.06.27"]
[Round "11"]
[White "Smirnov, Pavel"]
[Black "Ionov, Sergey"]
[Result "0-1"]
[WhiteElo "2426"]
[BlackElo "2558"]
[Annotator "Gofshtein,L"]
[PlyCount "42"]
[EventDate "2000.06.03"]
[EventType "swiss"]
[EventRounds "11"]
[EventCountry "RUS"]
[SourceTitle "CBM 078"]
[Source "ChessBase"]
[SourceDate "2000.10.18"]
[SourceVersion "1"]
[SourceVersionDate "2000.10.18"]
[SourceQuality "1"]

1. e4 {[%mdl 8200]} c5 2. Nf3 d6 3. d4 cxd4 4. Nxd4 Nf6 5. Nc3 Nc6 6. Bg5 e6 7.
Qd2 Qb6 8. Nb3 Be7 9. O-O-O O-O 10. g4 {another possibilities are:} (10. Be3
Qc7 11. f3 (11. f4 a6 12. Be2 b5 13. Bf3 Bb7 14. g4 Na5 {0-1 Ertlthalner,
G-Brumm,C/Germany 1982/EXT 97-B (31)}) 11... a6 12. g4 b5 13. g5 Nd7 14. f4 Nb6
15. f5 b4 $13 {1/2-1/2 Polugaevsky,L-Boleslavsky,I/Riga 1958/URS-ch (30)}) (10.
f4 a6 11. Bxf6 Bxf6 12. Qxd6 Rd8 13. Qc5 Qxc5 14. Rxd8+ Bxd8 15. Nxc5 Bb6 16.
Nd3 Be3+ 17. Kb1 b5 18. g3 Bb7 19. Bg2 Na5 $44 {1/2-1/2 Estrin,Y-Vasiukov,E/
Moscow 1964/MCD (37)}) 10... d5 $5 $146 {[%mdl 8] Other possibilities are: 10..
.Nxg4 and 10...Rd8. In the first case position isn't clear at all. 10...Rd8
doesn't lead to something clear too.} (10... Nxg4 11. f3 (11. Rg1 f6 (11...
Nge5 12. Rg3 (12. Bxe7 Nxe7 13. Rg2 (13. Qxd6 Qxf2 14. Rg2 Qf4+ 15. Kb1 N5g6
$17) 13... Rd8 14. f4 $36) 12... f5 13. Bxe7 Nxe7 14. f4 N5g6 15. Rd3 {0-1
Fedorowicz,J-Gurevich,D/Lexington 1995/EXT 98 (33)}) 12. Bh4 $13) 11... Bxg5
12. Qxg5 Qe3+ 13. Qxe3 Nxe3 14. Rxd6 $14) (10... Rd8 11. Be3 Qc7 12. g5 Ng4 13.
Bf4 a6 14. Bg3 b5 $132 {0-1 Conquest,S-Reeh,O/Germany 1989/GER-chT (54)}) 11.
Bxf6 $6 {dubious move,after that black does not have any problems.} (11. exd5
Nxd5 12. Nxd5 exd5 13. Be3 Qc7 14. h3 $14) (11. Be3 Qc7 12. exd5 Nxd5 13. Nxd5
exd5 14. h3 $14) 11... Bxf6 12. exd5 Bxc3 $1 (12... Nb4 13. d6 $16) 13. Qxc3
exd5 14. Rxd5 $2 {[%mdl 8192] It is tactical blunder,but also after normal 14.
h3 black has good counterplay.} (14. h3 Be6 15. Nd4 Rac8 $132) 14... Nb4 $19 {
[%csl Ra2][%cal Rb4a2,Rb4d5]} 15. Qc5 Nxd5 16. Qxd5 Be6 17. Qh5 Qxf2 18. Bd3
Qe3+ 19. Nd2 g6 20. Qh4 Rac8 21. Kd1 Bd5 0-1

[Event "Guillermo Garcia Memorial-A 06th"]
[Site "Santa Clara"]
[Date "1998.05.26"]
[Round "3"]
[White "Herrera, Irisberto"]
[Black "Garcia Ilundain, David"]
[Result "1/2-1/2"]
[WhiteElo "2445"]
[BlackElo "2495"]
[Annotator "Gofshtein,L"]
[PlyCount "49"]
[EventDate "1998.05.24"]
[EventType "tourn"]
[EventRounds "13"]
[EventCountry "CUB"]
[EventCategory "9"]
[SourceTitle "CBM 066"]
[Source "ChessBase"]
[SourceDate "1998.09.30"]
[SourceVersion "1"]
[SourceVersionDate "1998.09.30"]
[SourceQuality "1"]

1. e4 {Tyomkin,D} c5 2. Nf3 d6 3. d4 cxd4 4. Nxd4 Nf6 5. Nc3 Nc6 6. Bg5 e6 7.
Qd2 Be7 8. O-O-O O-O 9. f3 a6 10. h4 Nxd4 (10... Qc7 $5 11. h5 (11. g4 Rd8 12.
Kb1 (12. Be2 b5 13. a3 Bb7 14. Nf5 exf5 15. Bxf6 Bxf6 16. Nd5 Qd7 17. gxf5 $15
{Damjanovic,M-Ligterink,G/Graz 1979/1/2-1/2(41)}) 12... Rb8 13. Be3 Nxd4 14.
Bxd4 b5 15. g5 Nd7 16. Qg2 b4 17. Ne2 e5 18. Be3 Nc5 19. Nc1 Be6 20. h5 Na4
$132 {Tringov,G-Popovic,P/Stara Pazova 1988/0-1(42)}) 11... h6 12. Be3 Nxd4 13.
Bxd4 Rd8 14. g4 e5 15. Be3 d5 $1 $15 {Peptan,C-Roos,T/Berliner Sommer 1997/1/
2-1/2(32)}) (10... Bd7 11. Nxc6 Bxc6 12. Ne2 Rc8 13. Nd4 Bd7 14. g4 Qc7 15. Kb1
Rfd8 16. Bd3 Be8 17. h5 $14 {Mazi,L-Aseev,K/Wuerzburg op 1992/1-0(30)}) 11.
Qxd4 Qc7 $146 (11... Qa5 12. Kb1 (12. Bd2 Qc5 13. Qxc5 dxc5 14. Bg5 h6 15. Bxf6
gxf6 16. Na4 b5 $11 {Kostic,V-Campos Moreno,J/Valjevo 1984/0-1(57)}) 12... b5
13. Qd2 b4 14. Ne2 e5 15. Nc1 Be6 $11 {Tringov-Kupreichik, Plovdiv 1980}) (
11... b5 12. g4 Bb7 (12... Qa5 $5) 13. Qf2 b4 14. Na4 Bc6 15. Nb6 Rb8 16. Nc4
d5 17. Bf4 Rb7 $13 {Zapata-Hernandez, Cali zt 1990}) 12. Kb1 b5 13. g4 Rd8 14.
h5 {[%cal Rh5h6]} h6 15. Bh4 b4 $1 16. Ne2 (16. Qxb4 $2 d5 17. Qa4 Rb8 $17 {
[%cal Rc7c3,Rb8b4]}) 16... Bb7 $6 (16... e5 $142 17. Qe3 (17. Qd2 d5 18. Bxf6
Bxf6 19. exd5 Bb7 20. d6 Qb6 $15) (17. Qg1 d5 18. g5 hxg5 19. Qxg5 {-17.Qe3})
17... Nh7 $1 (17... d5 18. g5 hxg5 19. Qxg5 $16 (19. Bxg5 dxe4 20. Rxd8+ Qxd8
21. h6 Qd1+ 22. Nc1 Qxf3 23. h7+ Kh8 24. Qg1 Qg4 $1) 19... dxe4 $140 20. Rxd8+
Qxd8 21. h6 $18) 18. Bf2 d5 19. Qb6 (19. exd5 Bb7 $15) 19... Qxb6 20. Bxb6 Rd7
21. Ng3 (21. exd5 Bb7 22. c4 bxc3 23. Nxc3 Nf6 24. Bc4 Rc8 25. Bb3 Bb4 $15)
21... dxe4 22. Rxd7 Bxd7 23. Nxe4 Ng5 24. Nxg5 Bxg5 25. Bd3 $11 {[%cal Gd3e4]})
17. Nc1 (17. g5 hxg5 18. Bxg5 Qc5 19. Qxc5 (19. Qd2 $2 Nxe4 $1) 19... dxc5 $11)
17... Rac8 (17... e5 18. Qc4 $1) 18. Bd3 Qc5 (18... e5 {[%cal Gd6d5]} 19. Qg1
$1 d5 20. g5 $40) 19. Qxc5 dxc5 20. Bc4 Rd4 21. Rxd4 (21. b3 $2 Rxd1 22. Rxd1
Nxe4 $1) 21... cxd4 22. b3 Kf8 23. Ne2 e5 24. Ng3 Ne8 25. Nf5 (25. Nf5 Bxh4 26.
Rxh4 f6 (26... Rd8 {[%cal Ge8d6]} 27. g5 $1 hxg5 28. h6 Kg8 29. Ne7+ Kh7 30.
hxg7+ Kxg7 31. Nf5+ Kg8 32. Rh5 {[%csl Rf7,Rg5][%cal Gf5h6]} Rd7 33. Rxg5+ Kf8
34. Rh5 $11) 27. Rh1 Rd8 $11 {[%cal Ge8d6,Gb7c8,Gc8f5]} 28. a3 a5 29. axb4 axb4
30. Kb2 Ra8 31. Ra1 $11) 1/2-1/2

[Event "Tan Chin Nam Cup 6th"]
[Site "Beijing"]
[Date "2000.07.14"]
[Round "6"]
[White "Bologan, Viktor"]
[Black "Ye, Jiangchuan"]
[Result "1-0"]
[WhiteElo "2641"]
[BlackElo "2670"]
[Annotator "Gofshtein,L"]
[PlyCount "73"]
[EventDate "2000.07.03"]
[EventType "tourn"]
[EventRounds "9"]
[EventCountry "CHN"]
[EventCategory "16"]
[SourceTitle "CBM 078"]
[Source "ChessBase"]
[SourceDate "2000.10.18"]
[SourceVersion "1"]
[SourceVersionDate "2000.10.18"]
[SourceQuality "1"]

1. e4 {[%mdl 932]} c5 2. Nf3 d6 3. d4 cxd4 4. Nxd4 Nf6 5. Nc3 Nc6 6. Bg5 e6 7.
Qd2 Be7 8. O-O-O O-O 9. f3 a6 10. h4 Nxd4 {another possibilities are:} (10...
Qc7 $5 11. h5 (11. g4 Rd8 (11... b5 12. Nxc6 Qxc6 13. Bd3 Bb7 14. Kb1 Qc7 15.
h5 $36 {1-0 Wengenroth,W-Roos,T/Neuwied 1993/GER (35)}) 12. Kb1 (12. Be2 b5 13.
a3 Bb7 $132 {Damjanovic,M-Ligterink,G/Graz 1979/1/2-1/2(41)}) 12... Rb8 13. Be3
Nxd4 14. Bxd4 b5 15. g5 Nd7 16. Qg2 b4 17. Ne2 e5 18. Be3 Nc5 19. Nc1 Be6 20.
h5 Na4 $132 {Tringov,G-Popovic,P/Stara Pazova 1988/0-1(42)}) 11... h6 (11...
Nxd4 12. Qxd4 h6 13. Be3 Nh7 {1/2-1/2 Neber,A-Gemesi,J/HUN 1999/EXT 2000 (13)})
12. Be3 Nxd4 13. Bxd4 Rd8 14. g4 e5 15. Be3 d5 $1 $15 {Peptan,C-Roos,T/
Berliner Sommer 1997/1/2-1/2(32)}) (10... Bd7 11. Nxc6 (11. g4 b5 12. Nxc6 Bxc6
13. Bd3 b4 14. Ne2 Qa5 15. Kb1 Rfc8 16. Nd4 Bb5 17. Nb3 Qc7 $132 {1-0 Herrera,
I-De la Paz,F/Santa Clara 1996/EXT 99 (54)}) 11... Bxc6 12. Ne2 Rc8 13. Nd4 Bd7
14. g4 Qc7 15. Kb1 Rfd8 16. Bd3 Be8 17. h5 $14 {Mazi,L-Aseev,K/Wuerzburg op
1992/1-0(30)}) (10... d5 11. Kb1 h6 12. Nxc6 bxc6 13. Bxh6 gxh6 14. Qxh6 $40 {
1-0 Scholz,H-Thomas,J/Bad Bergzabern 1997/EXT 2000 (35)}) 11. Qxd4 b5 {another
continuations are:} (11... Qa5 12. Bd2 $5 {[%cal Rd2a5]} (12. Kb1 b5 13. Qd2 b4
14. Ne2 e5 15. Nc1 Be6 $132 {[%csl Ra2][%cal Ye6a2,Ra5a2] Tringov-Kupreichik,
Plovdiv 1980}) 12... Qc5 13. Qxc5 dxc5 $14 {0-1 Kostic,V-Campos Moreno,J/
Valjevo 1984/MCD (57)}) (11... Qc7 $146 12. Kb1 b5 13. g4 Rd8 14. h5 $40 {
[%cal Rh5h6] 1/2-1/2 Herrera,I-Garcia Ilundain,D/Santa Clara 1998}) 12. Kb1 {
another possibility is:} (12. g4 Bb7 (12... Qa5 $5) 13. Qf2 b4 14. Na4 Bc6 15.
Nb6 Rb8 16. Nc4 d5 17. Bf4 Rb7 $13 {Zapata-Hernandez, Cali zt 1990}) 12... Bb7
13. Qd2 {[%csl Rd4][%cal Yc3e2,Ye2d4] with idea move the knight from c3 to d4.}
Qc7 14. Ne2 Rac8 15. Nd4 Rfd8 16. Bd3 Ne8 {[%cal Ye7f6,Yf6d4] Interesting idea.
Black reorganize his pieces with idea to lead d6-d5.} 17. g4 Bf6 18. Be3 d5 19.
e5 $5 {Positional sacrifice. Otherwise black pieces are strongly entering to
the game.} Bxe5 20. f4 Bd6 {Also after 20...Bd4, pair of bishops, and
advantage in space give white safficient compensation for the pawn.} (20...
Bxd4 21. Bxd4 {[%cal Yd4g7]} Nd6 22. h5 Ne4 23. Qe3 $44) 21. g5 e5 {with idea
to transfer pieces to better positions:e5- for the bishop, and d6- for the
knight.} 22. fxe5 Bxe5 {[%cal Ye5d4,Ye8d6]} 23. g6 {Another sacrifice; white
tries to open lines on the kingside.} Nd6 {[%cal Yd6e4,Yd6c4] Acceptance of
sacrifice also looks very dangerous.} (23... hxg6 24. h5 $40) 24. gxf7+ $5 (24.
gxh7+ Kh8 25. h5 Nc4 $132) 24... Qxf7 $8 (24... Nxf7 $2 25. Ne6 $18) 25. Rhf1 {
[%cal Yf1f7]} Qd7 26. Nf3 {[%cal Yf3e5,Yf3g5] with idea to transfer the knight
from f3 to g5.} Bf6 27. Ng5 Nc4 (27... h6 28. Rxf6 $1 gxf6 29. Nh7 Qe7 30. Bd4
Ne8 31. Rg1+ $18) 28. Bxh7+ Kh8 29. Qe2 Qe8 (29... Nxe3 30. Qh5 Nxf1 31. Rxf1
$18 (31. Bf5+)) (29... Bxg5 30. hxg5 Nxe3 31. Bg6 Ng4 32. Bf5 Qc7 33. Qxg4 $18)
30. Rxf6 gxf6 31. Bd4 Rc6 (31... Ne5 32. Qf2 Rc6 33. Bxe5 fxe5 34. Nf7+ Kxh7
35. Qf5+ $18) 32. Qf2 Qf8 (32... Rdd6 33. Re1 Qh5 34. Kc1 $22 $18) 33. Bd3 (33.
Qf3 $5 Kg7 34. Qg4 $18) 33... Rd7 34. Qf5 $18 Re7 (34... Qe7 35. Rg1 $18) 35.
Nh7 {[%csl Yf6][%cal Yh7f6,Yd4f6,Yf5f6]} Bc8 36. Qh5 Qf7 37. Bg6 1-0

[Event "Linares Anibal op 08th"]
[Site "Linares"]
[Date "2001.01.15"]
[Round "8"]
[White "Holmsten, Aleksei"]
[Black "Avrukh, Boris"]
[Result "1-0"]
[WhiteElo "2435"]
[BlackElo "2630"]
[Annotator "Gofshtein,L"]
[PlyCount "77"]
[EventDate "2001.01.08"]
[EventType "swiss"]
[EventRounds "11"]
[EventCountry "ESP"]
[SourceTitle "CBM 081"]
[Source "ChessBase"]
[SourceDate "2001.03.20"]
[SourceVersion "1"]
[SourceVersionDate "2001.03.20"]
[SourceQuality "1"]

1. e4 c5 2. Nf3 d6 3. d4 cxd4 4. Nxd4 Nf6 5. Nc3 Nc6 6. Bg5 e6 7. Qd2 Qb6 8.
Nb3 a6 9. O-O-O Be7 10. f3 O-O 11. g4 Rd8 12. Be3 Qc7 13. g5 (13. h4 $6 d5 $1
$10) 13... Nd7 (13... Ne8 $6 14. Qf2 $1 Rd7 15. Na4 Rd8 16. Bb6 Bxg5+ 17. f4
$36 {1-0 Brodsky,M-Kasimdzhanov,R/Cappelle la Grande 1996/CBM 51 ext (17)}) 14.
h4 Nce5 ({Worth of attention} 14... b5 $5 {-mainline} 15. f4 (15. g6 fxg6 (
15... Nce5 16. gxf7+ Kxf7 17. f4 Nc4 18. Bxc4 bxc4 19. Nd4 Nf6 20. Rhg1 Rb8 21.
Qg2 Bf8 22. f5 exf5 23. Bg5 Be7 24. exf5 Qb7 $132 {0-1 Nikolenko,O-Verner,A/
Moscow 1996/CBM 55 ext (38)}) (15... hxg6 16. h5 gxh5 17. Rxh5 Nf6 18. Rh1 $40
{1-0 Tal,M-Koblencs,A/Riga 1957/MainBase/[ChessBase] (37) /\ 19.Qh2}) 16. h5
gxh5 17. Rxh5 Nf6 18. Rg5 Ne5 (18... b4 19. Na4 Rb8 20. Qh2 $44 {1-0 Simagin,
V-Paoli,E/Salgotarjan 1967/EXT 99 (39)}) 19. Qg2 Bf8 20. Be2 (20. f4 Nc4 21.
Bxc4 bxc4 22. Nd4 Rb8 23. Rg1 $44 {1/2-1/2 Spassky,B-Boleslavsky,I/Riga 1958/
URS-ch (42)}) 20... Nc4 21. Bxc4 bxc4 22. Nd4 Rb8 23. Rh1 Rb7 24. Rh6 $40 {
1-0 Tal,M-Mohrlok,D/Varna 1962/MCD (31)}) (15. h5 Nf8 16. Nd4 Nxd4 17. Qxd4 Bb7
18. Kb1 Rac8 19. h6 e5 20. Qb6 Nd7 21. Qxc7 Rxc7 22. hxg7 Kxg7 23. Bh3 $36 {
1-0 Liang Jinrong-Chan Peng Kong/Thessaloniki 1984/EXT 97-B (61)}) (15. Kb1 b4
16. Ne2 a5 17. Ned4 Nxd4 18. Nxd4 Ne5 19. f4 Nc4 20. Bxc4 Qxc4 21. b3 Qc7 22.
g6 fxg6 23. h5 a4 24. hxg6 hxg6 25. Qg2 axb3 26. Nxb3 Bf6 27. Qxg6 Bb7 28. Rh2
Qc3 29. Bd4 {1-0 Anand,V-Muir,A/Barcelona 1993/CBM 38 (29)}) 15... b4 16. Ne2
a5 17. Kb1 Bb7 18. Ng3 a4 $132 {1/2-1/2 Kislov,M-Stirberg,S/Voronezh 1991/CBM
22 ext (61)}) 15. f4 Nc4 16. Bxc4 Qxc4 17. h5 $5 $146 ({After} 17. g6 fxg6 18.
h5 gxh5 19. Bd4 $13 {positon is unclear 1-0 Canfell,G-Knoppert,E/Dieren 1988/
TD (30)}) 17... b5 18. Qg2 {White replace his Q to active position, preparing
g5-g6 and f4-f5-f6 promotions.} Rb8 ({Worth of attention also} 18... b4 19. Rd4
Qc7 20. Rxb4 d5 {with initiative for sacrificed P.} 21. Rd4 dxe4 22. h6 g6 $44)
19. Ba7 Ra8 20. Bd4 Nf8 $2 {Decisive mistake.} ({Quite good was active} 20...
b4 $5 21. g6 fxg6 22. hxg6 h6 {Black has defence resources} 23. Bxg7 (23. Nb1
e5) 23... Kxg7 24. Qh3 Rh8 25. Na5 Qc7 26. Qxe6 Ne5 $132) 21. f5 $1 exf5 22.
Na5 Qe6 23. Nd5 ({Wins by force} 23. exf5 $1 Qxf5 24. Qxa8 Bxg5+ 25. Kb1 b4 26.
Nc6 $18) (23. g6 hxg6 24. exf5 $1 Qxf5 25. Qxa8 $18) 23... fxe4 24. Nxe7+ Qxe7
25. Nc6 Qe8 26. Nxd8 $16 Qxd8 27. g6 fxg6 28. hxg6 $18 h6 29. Qxe4 Rb8 (29...
Be6 30. Qb7 Nd7 31. Bc3 $18) 30. Rhf1 {[%csl Rg7] Domination. White has strong
Attack and material over.} Ne6 31. Kb1 Ng5 32. Qf4 Bh3 33. Rfe1 Qd7 34. Bc3 Qf5
35. Qxd6 Rf8 36. Re7 Ne6 37. Qxe6+ Qxe6 38. Rxg7+ Kh8 39. Rh7+ 1-0

[Event "RUS-ch qual 57th"]
[Site "Tomsk"]
[Date "2004.05.23"]
[Round "1"]
[White "Smirnov, Pavel"]
[Black "Iskusnyh, Sergei"]
[Result "1-0"]
[WhiteElo "2601"]
[BlackElo "2507"]
[Annotator "Gofshtein,L"]
[PlyCount "97"]
[EventDate "2004.05.23"]
[EventType "swiss"]
[EventRounds "9"]
[EventCountry "RUS"]
[SourceTitle "CBM 102"]
[Source "ChessBase"]
[SourceDate "2004.09.23"]
[SourceVersion "1"]
[SourceVersionDate "2004.09.23"]
[SourceQuality "1"]

1. e4 c5 2. Nf3 Nc6 3. Nc3 d6 4. d4 cxd4 5. Nxd4 Nf6 6. Bg5 Qb6 7. Nb3 e6 8.
Qd2 Be7 9. O-O-O O-O 10. f3 Rd8 11. Nb5 Rd7 12. Qe1 {Another popular move in
this position is 12.Be3 which seems less logical as black would probably have
to move his queen from b6 to start the counterplay anyway.} a6 ({In the next
game black played too slow and white easily got a total domination} 12... Qd8
$6 13. g4 b6 14. h4 Bb7 15. N5d4 Nxd4 16. Nxd4 Rc8 17. Kb1 a6 18. Bc1 Rdc7 19.
g5 Nd7 20. Rh2 d5 21. e5 Bc5 22. h5 Bxd4 23. Rxd4 Nf8 24. Bd3 Rd7 25. g6 {
1-0 Anand,V-Tissir,M/Shenyang 2000/CBM 79 no vc (25)}) 13. N5d4 Rd8 (13... Qc7
14. h4 Ne5 15. Kb1 b5 16. g4 d5 17. Bxf6 gxf6 18. f4 Ng6 19. f5 $40 {1-0 Anand,
V-Avrukh,B/Haifa 2000/CBM 74 ext (32)}) 14. g4 e5 15. Nf5 Bxf5 16. exf5 d5 {
an improvment over Svidler-Gulko, which continued 16...Nd5} (16... Nd5 $2 {
is weaker} 17. h4 Bxg5+ 18. hxg5 Qe3+ 19. Qd2 Rac8 20. Kb1 {[%csl Yh1,Rh7]
[%cal Yh1h7] 1-0 Svidler,P-Gulko,B/Cannes 2001/CBM 82/ with big advantage for
white}) 17. Bd2 {White moves the bishop and allows the advance of pawns on the
kingside} a5 18. a4 (18. g5 $2 {is not good in view of} a4 $1 19. Na1 (19. gxf6
$2 axb3 20. cxb3 Rxa2 21. fxe7 Ra1+ 22. Kc2 Nd4+ {with mate}) 19... Nd7 {
with a clear advantage for black}) 18... d4 {very logical, the knight goes to
d5} 19. g5 Nd5 20. f6 {white tries to open lines on the kingside} (20. g6 Rac8
{is good for black}) 20... Bb4 ({black could also take the pawn} 20... gxf6 21.
gxf6 Bxf6 22. Bd3 Ncb4 23. Be4 {and white has some attack on the kingside
which compensates for the pawn but not more than that (the immideate threat
now is Qg3+ and Qh3)}) 21. Bd3 (21. fxg7 {planning to plan Bd3 and Qh4 is not
so good} Ne3 22. Bd3 Ne7 {the knight comes to defence and it's not clear what
white can do}) 21... g6 $1 (21... Ne3 $2 {is very tempting but loses nicely to}
22. Bxh7+ $1 (22. Qh4 $2 g6 23. Bxe3 (23. Bxb4 $2 {is bad for white} Nxb4 24.
Qh6 Nxd3+ 25. Rxd3 Nf5 26. Qh3 Rac8 {and black's attack is much more dangerous}
) 23... dxe3 {and the advantage is on the black side already}) 22... Kxh7 23.
Qh4+ Kg6 {the only move, the idea is to counter 24.fxg7 with Nf5} (23... Kg8
24. fxg7 Kxg7 25. Qh6+ Kg8 26. g6 Bxd2+ (26... fxg6 27. Qxg6+ Kf8 28. Qf6+ Ke8
29. Qe6+ Kf8 30. Rhg1 $18) 27. Rxd2 Rd7 {and white wins either by 28.Rg1, 28.
g7 or 28.gxf7} 28. Rg1 (28. g7 $18) (28. gxf7+ Kxf7 29. Rg1 Ke7 30. Rg7+ Kd8
31. Qh8+ Kc7 32. Rxd7+ Kxd7 33. Qxa8 $18) 28... f6 29. g7 Kf7 30. Qh5+ $18) {
but white still wins by} 24. Bxe3 dxe3 25. fxg7 Kxg7 26. Qh6+ Kg8 27. g6 $18)
22. h4 Nf4 23. Be4 (23. h5 $2 Nxd3+ 24. cxd3 Ba3 $3 {and black wins} 25. Kc2
Rac8) 23... d3 {black has certainly got some initiative but white defends
calmly} 24. Kb1 dxc2+ 25. Bxc2 Nd4 $2 {An unfortunate decision, black decides
to sacrifice a pawn but doesn't get enough compensation for it} ({After} 25...
Bxd2 26. Rxd2 Rxd2 27. Qxd2 Rd8 28. Qc3 {is about equal}) 26. Qxe5 $1 {not
fearing ghosts} Bxd2 27. Rxd2 Nxc2 (27... Nxb3 28. Rxd8+ Rxd8 29. Qxf4 {
with an advantage for white}) 28. Rxc2 Nd3 29. Qb5 Qe3 $6 (29... Qxb5 {is
probably better, although after} 30. axb5 {white's advantage is indisputable})
30. Rd1 $1 {a strong move, white brings his last piece into action and plans
to pin the black knight for good with Rcd2} Nf4 $6 (30... Ne5 31. Rxd8+ Rxd8 {
leaves black with more chances although it's clear that white's chances to win
are higher than black's chances for a draw}) 31. Rxd8+ Rxd8 32. Qd7 $1 {
another strong move, white wins the b7 pawn by force} Ne6 33. Rc8 Rxc8 34.
Qxc8+ Nf8 35. Qxb7 {the game is over} h5 (35... Qe1+ 36. Ka2 Qxh4 37. Qb5 $18)
36. gxh6 (36. Ka2 Qf4 37. Qe4 {also wins of course}) 36... Qf4 37. Qe4 Qxf6 38.
Nxa5 Kh7 39. Nc4 Nd7 40. a5 Kxh6 41. Qd5 Qxh4 42. a6 Qf2 43. Qxf7 Qg1+ 44. Ka2
Qa7 45. Na3 Qd4 46. f4 Nb6 47. a7 Nd5 48. a8=Q Nb4+ 49. Kb3 1-0

[Event "Abu Dhabi op 13th"]
[Site "Abu Dhabi"]
[Date "2003.08.18"]
[Round "3"]
[White "Kayumov, Sergey"]
[Black "Jobava, Baadur"]
[Result "0-1"]
[WhiteElo "2479"]
[BlackElo "2596"]
[Annotator "Gofshtein,L"]
[PlyCount "78"]
[EventDate "2003.08.16"]
[EventType "swiss"]
[EventRounds "9"]
[EventCountry "UAE"]
[SourceTitle "CBM 097"]
[Source "ChessBase"]
[SourceDate "2003.11.11"]
[SourceVersion "1"]
[SourceVersionDate "2003.11.11"]
[SourceQuality "1"]

1. e4 c5 2. Nf3 d6 3. d4 Nf6 4. Nc3 cxd4 5. Nxd4 Nc6 6. Bg5 Qb6 7. Nb3 e6 8.
Qd2 $5 {It is the main line, other move is 8.Bxf6} (8. Bxf6) 8... Be7 9. O-O-O
O-O 10. f3 {White defends the pawn on e4 in advance. He prepares an advance of
his pawns on the king side with the pawns g and h. Sometimes Nb5 is also
possible} Rd8 11. Nb5 $5 Rd7 {Defending against 12.Be3} 12. Be3 Qd8 13. N5d4 a5
{[%mdl 4] Black looks for counterplay on the queen side. It was also played 13.
..Ne5 and 13...e5} (13... Ne5 14. g4 d5 15. g5 Ne8 16. exd5 exd5 17. Nf5 $14 {
0-1 Armas,J-Fedorowicz,J/Wijk aan Zee 1989/CBM 12 (42)}) (13... e5 14. Nxc6
bxc6 15. Na5 Qc7 16. Qc3 Bb7 17. Bc4 d5 18. exd5 Nxd5 (18... cxd5 19. Bb5 Qxc3
20. bxc3 Rc7 21. Nxb7 Rb8 22. Ba6 Rc6 23. Bxa7 Ra8 24. Bb5 Rc7 25. Bb6 Rxb7 26.
Bc6) 19. Bxd5 cxd5 20. Qxc7 Rxc7 21. Nxb7 d4 $1 $132 {1-0 Petrushin,A-Utemov,V/
Simferopol 1989/EXT 97 (40)}) 14. a4 {Looks logical. White takes control over
important squares on the queen side. Other moves gave black a good position} (
14. Qf2 Ne5 15. Nd2 a4 16. g4 a3 17. b3 d5 18. Bb5 Qa5 $132 {[#]. 0-1 Antal,
G-Llobel Cortell,E/Oropesa del Mar 2000/EXT 2001 (45)}) (14. Nxc6 bxc6 15. Nd4
Rc7 16. g4 a4 17. g5 Nh5 18. Ne2 e5 19. Ng3 Nf4 $132 {0-1 Liss,E-Kotronias,V/
Rishon Le Ziyyon 1996/CBM 53 (39)}) 14... Ne5 {14...e5 was also possible, with
good counterplay} (14... e5 $5 15. Nxc6 bxc6 16. Qc3 Qc7 17. g4 d5 18. Bc5 d4
19. Qe1 Bxc5 20. Nxc5 Re7 21. Bc4 Nd7 $132 {0-1 Solak,D-Damljanovic,B/Belgrade
2002/CBM 91 (65)}) 15. Bb5 Rc7 {[%cal Re5c4,Rc7c2]} 16. Qe2 {Prevents Nc4} Bd7
$5 {Black exchanges the strong bishop on b5 and tries to take control over the
c4 square} 17. Kb1 {In case of the immideate 17.Bd7 black also got
counter-chances} (17. Bxd7 Nexd7 18. Nb5 Rc6 19. Kb1 d5 $132) 17... Rac8 {
A pawn sacrifice. If white receives the challenge black gets a counterplay} 18.
c3 (18. Nxa5 Ng6 19. Nab3 d5 $44) 18... Nc4 19. g4 $6 {It was worth
considering 19.Bd7, exchanging some pieces and trying to take advantage of the
weaknesses in the black's camp} (19. Bxd7 $5 Qxd7 20. Nb5 Nxe3 21. Qxe3 Rc4 22.
Rd4 e5 23. Rxc4 Rxc4 24. Qd3 $14) (19. Bc1 e5 20. Bxd7 Rxd7 21. Nb5 d5) (19.
Bf2 e5 20. Bxd7 Rxd7 21. Nf5 d5 $132) 19... Nxe3 $5 {Black starts forced
actions and take over the iniative} 20. Qxe3 e5 $5 {An important move, moving
white's knight from his central position and forces white to take with the a
pawn after the exchange on b5} 21. Nf5 Bxb5 22. axb5 a4 {The advance of this
pawn breaks white's pawn structure on the queen side} 23. Qg5 (23. Nc1 a3 $36)
23... Ne8 24. Nxe7+ Rxe7 25. Nd2 Nc7 $17 {White's weaknesses, the possession
of the c-file and a future activization of the black queen configure black's
initiative.} 26. c4 Ne6 {[%cal Ye6d4,Ye6c5]} 27. Qe3 Rec7 28. Rc1 Rc5 {[%cal
Rd8a5,Ra5b4,Yc5c4]} 29. Rc3 Nd4 30. Qd3 Qa5 31. Ra3 {White tries to create a
fortress} Qb4 32. Ka2 $6 {[%mdl 8192] White misses a tactical strike. 32.Rd1
was nessecary, also in this case black's advantage is evident but it would not
be easy for him to continue further with his initiative.} (32. Rd1 h6 33. h4
Rxc4 34. Nxc4 Rxc4 $17) 32... Nxb5 $1 33. cxb5 Rc2 $19 34. Nb3 R8c3 $1 {
Bringing the last piece to the attack} 35. Qd5 g6 36. Kb1 axb3 37. Ra8+ Kg7 38.
Qd1 Re3 39. Ka1 Rce2 0-1